[Event "Guingamp op 7th"]
[Site "Guingamp"]
[Date "2003.03.03"]
[Round "4"]
[White "Simon, Lionel"]
[Black "Le Breton, Flavien"]
[Result "1-0"]
[WhiteElo "1750"]
[BlackElo "1480"]
[PlyCount "45"]
[EventDate "2003.03.02"]
[EventType "swiss"]
[EventRounds "9"]
[EventCountry "FRA"]
[SourceTitle "EXT 2004"]
[Source "ChessBase"]
[SourceDate "2003.11.25"]
[SourceVersion "1"]
[SourceVersionDate "2003.11.25"]
[SourceQuality "1"]

1. e4 c5 2. Nf3 d6 3. d4 cxd4 4. Nxd4 Nf6 5. Nc3 g6 6. Bg5 Bg7 7. Bc4 0-0 8. Qd2 Nc6 9. Nxc6 bxc6 10. Bh6 Qb6 11. Bxg7 Kxg7 12. b3 Ba6 13. Bd3 Rfc8 14. 0-0 c5 15. Rfe1 Nd7 16. Nd5 Qb7 17. Bxa6 Qxa6 18. Nxe7 Re8 19. Nd5 Rac8 20. c4 Nb6 21. Qb2+ Kh6 22. Nf6 Re5 23. Ng4+ 1-0

[Event "Guingamp op 7th"]
[Site "Guingamp"]
[Date "2003.03.01"]
[Round "1"]
[White "Le Breton, Flavien"]
[Black "Bleuzen, Erwan"]
[Result "0-1"]
[WhiteElo "1480"]
[BlackElo "1960"]
[PlyCount "56"]
[EventDate "2003.03.02"]
[EventType "swiss"]
[EventRounds "9"]
[EventCountry "FRA"]
[SourceTitle "EXT 2004"]
[Source "ChessBase"]
[SourceDate "2003.11.25"]
[SourceVersion "1"]
[SourceVersionDate "2003.11.25"]
[SourceQuality "1"]

1. d4 d5 2. Nf3 c6 3. c4 Nf6 4. Nc3 e6 5. Bg5 Nbd7 6. e3 Be7 7. cxd5 exd5 8. Bd3 h6 9. Bh4 0-0 10. 0-0 Re8 11. Qc2 Nf8 12. Rac1 Be6 13. a3 a5 14. Na4 N8d7 15. Bg3 b5 16. Qxc6 bxa4 17. Bc7 Qc8 18. Qxa4 Qb7 19. Bb5 Rac8 20. Bg3 Qb6 21. Qb3 Ne4 22. a4 Ndf6 23. Rfd1 Bb4 24. Ne5 Rxc1 25. Rxc1 Rc8 26. Nc6 Bd7 27. Qc2 Bxc6 28. Bxc6 Bd2 0-1